Singers by the Letter - Statistics

General Stats
  • This quiz has been taken 146 times
  • The average score is 14 of 26
Answer Stats
Starting Letter Songs Artist % Correct
R Umbrella; Love The Way You Lie; Diamonds Rihanna
88%
M All I Want For Christmas Is You; We Belong Together; Always Be My Baby Mariah Carey
84%
A 7 Rings; Stuck With U; Thank U, Next Ariana Grande
83%
H As It Was; Watermelon Sugar; Golden Harry Styles
83%
C Havana; Senorita; Never Be The Same Camila Cabello
82%
B Talking To The Moon; When I Was Your Man; Locked Out Of Heaven Bruno Mars
79%
Q We Will Rock You; Another One Bites The Dust; Don't Stop Me Now Queen
78%
T Blank Space; Love Story; You Belong With Me Taylor Swift
76%
E Jailhouse Rock; Hound Dog; Blue Suede Shoes Elvis Presley
73%
O good 4 u; traitor; deja vu Olivia Rodrigo
73%
N Super Freaky Girl; Super Bass; Your Love Nicki Minaj
58%
U Yeah!; My Boo; DJ Got Us Fallin' In Love Usher
58%
P Better Now, Circles, Congratulations Post Malone
56%
Z Steal My Girl; Story Of My Life; What Makes You Beautiful (He's a member from this group) Zayn Malik
53%
L Stairway To Heaven; Whole Lotta Love; Rock And Roll Led Zeppelin
51%
V Ice Ice Baby; Too Cold; Nothing Is Real Vanilla Ice
50%
J I Want You Back; ABC; The Love You Save Jackson 5
48%
X HOPE; SAD!; Look At Me! XXX Tentacion
46%
K Young Dumb & Broke; Eastside; Talk Khalid
39%
F Centuries; Immortals; Sugar, We're Goin' Down Fall Out Boy
38%
S Drop It Like It's Hot; CEO, Gang Signs Snoop Dogg
37%
D Pour Some Sugar On Me; Animal; Love Bites Def Leppard
35%
G The Thunder Rolls; Friends In Low Places; Rodeo Garth Brooks
31%
W On The Road Again; Highwayman; Riders In The Sky Willie Nelson
18%
Y Freddy Krueger; Mama Cry; Mixed Personalities YNW Melly
9%
I New Jack Hustler; I'm Your Pusher; 6 'N The Mornin' Ice-T
8%
No matching quizzes found
Score Distribution
Percent of People with Each Score
Percentile by Number Answered
Your Score History
You have not taken this quiz